000 00280nam a22001337a 4500
003 SGT
082 _a616.24
_bC13S
100 _aSOOD, ASHISH
245 _aEFFECT OF TRUNK STABILIZATION
260 _aSGTU
_c2013
300 _a65
650 _aSPORTS REHAB.
942 _2ddc
_cTH
_01
999 _c20680
_d20680